Théâtre d'épouvante / (Record no. 170844)

MARC details
000 -LEADER
campo de control de longitud fija 00696nam a22001815i 4500
001 - NÚMERO DE CONTROL
campo de control 170844
003 - IDENTIFICADOR DE NÚMERO DE CONTROL
campo de control ES-MaACL
005 - FECHA Y HORA DE LA ÚLTIMA TRANSACCIÓN
campo de control 20230906214456.0
008 - DATOS DE LONGITUD FIJA--INFORMACIÓN GENERAL
campo de control de longitud fija 090408s1920 fr |||| | fre d
080 ## - NÚMERO DE LA CLASIFICACIÓN DECIMAL UNIVERSAL
Número de la Clasificación Decimal Universal 821.133.1-2"18"
100 1# - ENTRADA PRINCIPAL--NOMBRE DE PERSONA
Nombre de persona Lorde, André de.
9 (RLIN) 139219
245 10 - MENCIÓN DEL TÍTULO
Título Théâtre d'épouvante /
Mención de responsabilidad, etc. André de Lorde.
250 ## - MENCION DE EDICION
Mención de edición 20e éd.
260 ## - PUBLICACIÓN, DISTRIBUCIÓN, ETC.
Lugar de publicación, distribución, etc. Paris :
Nombre del editor, distribuidor, etc. Librairie Théatrale,
Fecha de publicación, distribución, etc. [1920?]
300 ## - DESCRIPCIÓN FÍSICA
Extensión XXV, 319 p. ;
Dimensiones 19 cm.
505 8# - NOTA DE CONTENIDO CON FORMATO
Nota de contenido con formato Contiene: Une leçon à la Salpétrière ; L'Obsession ; La Dormeuse ; Au Rat mort...; Le Système du docteur Goudron ; La Dernière torture ; Sur la dalle.
852 4# - LOCALIZACIÓN
Ubicación ES-MaACL
Número de control de estantería E-12558
itemnumber R.140139
Nota libre . - Biblioteca Jacinto Martínez Lacalle
Holdings
Estatus retirado Estado de pérdida Estado de daño No para préstamo Biblioteca de origen Biblioteca actual Ubicación en estantería Fecha de adquisición Fuente de adquisición Total de préstamos Signatura topográfica completa Código de barras Visto por última vez Precio de reemplazo Tipo de ítem Koha
        Biblioteca del Ateneo de Madrid Biblioteca del Ateneo de Madrid Depósito 2 08/04/2009     E-12558 1179300 23/02/2023 23/02/2023 Libro impreso